| 000 | 00892nam a2200217 a 4500 | ||
|---|---|---|---|
| 003 | OSt | ||
| 005 | 20130925184317.0 | ||
| 008 | 130925n ag ||||| |||| 00| 0 spa d | ||
| 040 | _cBiblioteca Medicina | ||
| 041 | _aspa | ||
| 082 | _bMINIST DE SALUD 0300 | ||
| 110 |
_aMinisterio de Cultura y Educacion _92610 |
||
| 245 | 0 | 0 | _aFondo para el mejoramiento de la calidad universitaria (FOMEC). Guia para la formulacion y presentacion de proyectos. Instrucciones de llenado de los formularios |
| 250 | _a1ยบ ed. | ||
| 260 |
_aBuenos Aires _bMinisterio de Cultura y Educacion; Secretaria de Politicas Universitarias _cs/f |
||
| 300 | _a28 p. | ||
| 653 | _aUNIVERSIDADES-FINANCIAMIENTO | ||
| 653 | _aSECRETARIA DE POLITICAS UNIVERSITARIAS-POLITICAS | ||
| 942 |
_2ddc _cPH |
||
| 999 |
_c1678 _d1678 |
||
| 952 |
_40 _00 _bBFM _10 _oMINIST DE SALUD 0300 _d2013-09-25 _tEj. 1 _8NFIC _70 _cCR _2ddc _yPH _aBFM |
||